=LDR 00000nam 2200000 4500 =001 INLIS000000000021856 =005 20130612120655 =008 ***********************************Ind** =035 ##$$0010-061300000021856 =041 ##$$a Ind =082 ##$$a 375 =090 ##$$a 375, Sub p =100 ##$$a Subandijah =245 ##$$a Pengembangan dan inovasi kurikulum, Subandijah =260 ##$$a 1993 $b Jakarta =300 ##$$a ix, 276 hlm, 19 cm =650 ##$$a Kurikulum =850 ##$$a NBPNMAT